Výpočetní technika v řízení zemědelských organizací

Saved in:
Bibliographic Details
Main Author: Chromeček, Miroslav
Format: Book
Language:Czech
Published: Praha Státní zemědělské nakladatelství 1985
Edition:1. vyd.
Tags: Add Tag
No Tags, Be the first to tag this record!

MARC

LEADER 00000nam a2200000 4500
001 c029873
005 20221207075139.7
041 0 |a cze 
044 |a CZ 
245 1 0 |a Výpočetní technika v řízení zemědelských organizací  |c Miroslav Chromeček a kol. 
250 |a 1. vyd. 
264 1 |a Praha  |b Státní zemědělské nakladatelství  |c 1985 
300 |a 177 s. 
100 1 |a Chromeček, Miroslav